| 000 | 02543nam0a2200385 4500 | ||
|---|---|---|---|
| 001 | RU\NLR\BIBL_A\012813898 | ||
| 005 | 20220915100126.0 | ||
| 010 |
_a978-5-04-159510-4 _92000 |
||
| 021 |
_aRU _bКН-П-22-016432 _9КН-П-22-1415 |
||
| 035 | _a(NLR Aleph) 012813898 | ||
| 035 | _a(RuMoRGB)011010013 | ||
| 090 |
_a13217145 _c13217145 |
||
| 100 | _a20220608d2022 u y0rusy50 ca | ||
| 101 | 0 | _arus | |
| 102 | _aRU | ||
| 105 | _a |||z|||000 y | ||
| 181 | 0 |
_ai3 _baxxe |
|
| 182 | 0 | _an | |
| 200 | 1 |
_aПиковый туз _fСтасс Бабицкий |
|
| 203 |
_aТекст _bвизуальный _cнепосредственный |
||
| 210 |
_aМосква _cЭксмо _d2022 |
||
| 215 |
_a316, [2] с. _cил. _d21 |
||
| 225 | 1 | _aИзобличитель. Имперский детективъ | |
| 225 | 1 | _aИмперский детективъ | |
| 300 | _aВ вып. дан. и в макете авт.: Бабицкий Станислав Александрович | ||
| 330 | _aЛетом 1875 года Москва содрогнулась от череды жестоких убийств. В Нескучном саду злодей зарезал уже трех девушек, да не каких-нибудь простушек или мещанок, а фрейлин из свиты императора. Возле каждой жертвы обнаружили игральную карту - пикового туза. Полиция сбилась с ног. Пришлось обратиться за помощью к бывшему каторжнику, который знает, как мыслят преступники. Это - частный сыщик Мармеладов, отсидевший немалый срок за убийство. Он вынужден постоянно решать головоломки, чтобы снова не сорваться и не позволить тьме затопить свой разум. Кто же убийца? Маньяк-одиночка? Или за преступлениями стоит тайное общество? Поди разберись, на что намекает треклятый пиковый туз | ||
| 333 | _a16+ | ||
| 675 |
_a821.161.1-31 _v4 |
||
| 686 | 2 | _aШ6(2=Р)8-446 | |
| 700 | 1 |
_7ca _8rus _aБабицкий _bС. _f1976- _gСтасс _9246305 _3RU\NLR\AUTH\770246361 |
|
| 942 | _cBOOK | ||
| 980 | _aNB | ||